| 000 | 00397nam a2200145Ia 4500 | ||
|---|---|---|---|
| 008 | 230917s9999||||xx |||||||||||||| ||und|| | ||
| 040 |
_e156453 _aMAIN |
||
| 041 | _aEnglish | ||
| 082 | _a327.11 M822R | ||
| 100 | _aMorgenthau, Hans J | ||
| 245 | 0 | _aRastron ke madhya rajniti (Politics among nations) | |
| 260 |
_aChandigrah _bHaryana Hindi Granth Akademi _c1984 |
||
| 300 | _a752 p. | ||
| 942 | _cBK | ||
| 999 |
_c54394 _d54394 |
||